00714nam a2200181 i 4500001000700000003000900007005001700016008004100033080002300074100003200097245012300129260012200252300002700374502004300401650003100444710003000475852002700505180400ES-MaACL20250812081235.0120531s1975 sp |||| | spa d a611.133-018(043.2)1 aGarfia González, Antonio.10aMorfología de la inervación sensitiva y microcirculación del seno carotídeo / cpor Antonio Garfia González. aBarcelona : bUniversidad, Secretariado de Publicaciones, Intercambio Cientifico y Extensión Universitaria, c1975. a10 p., 1 h. ; c24 cm. aTesis-Universidad Barcelona (Extracto) 7aArterias coronarias2embne2 aUniversidad de Barcelona. aES-MaACLjE-15361(225)